UBT Library

Regional Science Conference with International Participation (Record no. 60959)

000 -LEADER
fixed length control field 00331nam a22001337a 4500
008 - FIXED-LENGTH DATA ELEMENTS--GENERAL INFORMATION
fixed length control field 260401b ||||| |||| 00| 0 eng d
020 ## - INTERNATIONAL STANDARD BOOK NUMBER
International Standard Book Number 003-800070999568
041 ## - LANGUAGE CODE
Language code of text/sound track or separate title eng
080 ## - UNIVERSAL DECIMAL CLASSIFICATION NUMBER
Universal Decimal Classification number 8210.1
100 ## - Rafti
Rafti 25
101 ## - Shkurtesa
Shkurtesa conferece
245 ## - TITLE STATEMENT
Title Regional Science Conference with International Participation
942 ## - ADDED ENTRY ELEMENTS (KOHA)
Source of classification or shelving scheme
Item type Books
Holdings
Withdrawn status Lost status Source of classification or shelving scheme Damaged status Not for loan Collection code Permanent location Current location Date acquired Total Checkouts Barcode Date last seen Price effective from Koha item type
          Koleksioni i përgjithshem UBT - Lipjan UBT - Lipjan 04/01/2026   003-800070999572 04/01/2026 04/01/2026 Books
          Koleksioni i përgjithshem UBT - Lipjan UBT - Lipjan 04/01/2026   003-800070999573 04/01/2026 04/01/2026 Books
          Koleksioni i përgjithshem UBT - Lipjan UBT - Lipjan 04/01/2026   003-800070999574 04/01/2026 04/01/2026 Books
          Koleksioni i përgjithshem UBT - Lipjan UBT - Lipjan 04/01/2026   003-800070999575 04/01/2026 04/01/2026 Books
UBT Library © 2015-2024. All rights reserved University Education for Business and Technology